Artes industriales (Record no. 68797)

MARC details
000 -LEADER
campo de control de longitud fija 00711nam a2200181 i 4500
001 - NÚMERO DE CONTROL
campo de control 68797
003 - IDENTIFICADOR DE NÚMERO DE CONTROL
campo de control ES-MaACL
005 - FECHA Y HORA DE LA ÚLTIMA TRANSACCIÓN
campo de control 20230906170351.0
007 - CAMPO FIJO DE DESCRIPCIÓN FÍSICA--INFORMACIÓN GENERAL
campo de control de longitud fija t|
008 - DATOS DE LONGITUD FIJA--INFORMACIÓN GENERAL
campo de control de longitud fija 040709q1905 sp a |||| | spa d
100 1# - ENTRADA PRINCIPAL--NOMBRE DE PERSONA
Nombre de persona Giner de los Ríos, Hermenegildo.
9 (RLIN) 57125
245 10 - MENCIÓN DEL TÍTULO
Título Artes industriales
Resto del título : desde el Cristianismo hasta nuestros días : orfebrería, hierros, bronces, armas, mobiliario, marfiles, cerámica, vidrios, tejidos, bordados, encajes, tapices /
Mención de responsabilidad, etc. Hermenegildo Giner de los Ríos.
260 ## - PUBLICACIÓN, DISTRIBUCIÓN, ETC.
Lugar de publicación, distribución, etc. Barcelona :
Nombre del editor, distribuidor, etc. Antonio López,
Fecha de publicación, distribución, etc. [ca. 1905]
300 ## - DESCRIPCIÓN FÍSICA
Extensión XIII, 231 p. :
Otras características físicas il. ;
Dimensiones 19 cm.
650 04 - PUNTO DE ACCESO ADICIONAL DE MATERIA--TÉRMINO DE MATERIA
Término de materia o nombre geográfico como elemento de entrada Artes decorativas-
Subdivisión de forma Historia.
9 (RLIN) 10340
852 ## - LOCALIZACIÓN
Ubicación ES-MaACL
Número de control de estantería F-3165
852 ## - LOCALIZACIÓN
Ubicación ES-MaACL
Número de control de estantería C-2973
Holdings
Estatus retirado Estado de pérdida Estado de daño No para préstamo Biblioteca de origen Biblioteca actual Ubicación en estantería Fecha de adquisición Fuente de adquisición Total de préstamos Signatura topográfica completa Código de barras Visto por última vez Precio de reemplazo Tipo de ítem Koha
        Biblioteca del Ateneo de Madrid Biblioteca del Ateneo de Madrid Sala Palomar 17/01/2008     C-2973 1072033 23/02/2023 23/02/2023 Libro impreso
        Biblioteca del Ateneo de Madrid Biblioteca del Ateneo de Madrid Depósito 2 17/01/2008     F-3165 1072032 23/02/2023 23/02/2023 Libro impreso